Environmentálne problémy a ich riešenie bakalárska práca
Guardado en:
| Autor principal: | |
|---|---|
| Autor Corporativo: | |
| Otros Autores: | |
| Formato: | Libro |
| Lenguaje: | eslovaco |
| Publicado: |
Košice
2010
|
| Etiquetas: |
Sin Etiquetas, Sea el primero en etiquetar este registro!
|
MARC
| LEADER | 00000nbm a2200000 4500 | ||
|---|---|---|---|
| 001 | 0132849 | ||
| 005 | 20240827092249.6 | ||
| 041 | 0 | |a slo | |
| 044 | |a SK | ||
| 245 | 1 | 0 | |a Environmentálne problémy a ich riešenie |b bakalárska práca |c Martina Nemcovská ; školiteľ: Pavol Andrejovský |
| 264 | 1 | |a Košice |c 2010 | |
| 300 | |a 61 s. | ||
| 100 | 1 | |a Nemcovská, Martina | |
| 700 | 1 | |a Andrejovský, Pavol, 1975- | |
| 710 | 2 | |a Podnikovohospodárska fakulta EU so sídlom v Košiciach. Katedra ekonómie | |